Evropská měnová unie - ekonomická pro a proti

Názory na ekonomické výhody a náklady Európskej menovej únie. Ekonomické prínosy: rozvinutie jednotného trhu, zavedenie jednotnej meny. Ekonomické náklady a riziká - na makroekonomickej úrovni: strata samostatnej menovej politiky a devízového kurzu, aktívnejšie využívanie národnej fiškálnej politiky...

Descrizione completa

Salvato in:
Dettagli Bibliografici
Autore principale: Sedláček, P.
Natura: Capitolo di libro
Lingua:ceco
Soggetti:
Tags: Aggiungi Tag
Nessun Tag, puoi essere il primo ad aggiungerne!!

MARC

LEADER 00000naa a2200000 4500
001 r019142
005 20221208130623.9
041 0 |a cze 
044 |a CZ 
245 1 0 |a Evropská měnová unie - ekonomická pro a proti  |c P. Sedláček 
520 |a Názory na ekonomické výhody a náklady Európskej menovej únie. Ekonomické prínosy: rozvinutie jednotného trhu, zavedenie jednotnej meny. Ekonomické náklady a riziká - na makroekonomickej úrovni: strata samostatnej menovej politiky a devízového kurzu, aktívnejšie využívanie národnej fiškálnej politiky. 
610 2 0 |a únie menové 
610 2 0 |a Európska menová únia 
610 2 0 |a ECU 
610 2 0 |a náklady 
610 2 0 |a riziko 
610 2 0 |a politika menová 
610 2 0 |a kurz devízový 
610 2 0 |a politika fiškálna 
610 2 0 |a trh vnútorný 
100 1 |a Sedláček, P.